Datum a čas kvízu
30.5
Celkem bodů
Celkový počet nahraných bodů na tomto kvízu bez doplňovacích otázek.
6.
Pořadí na kvízu
Konečné umístění týmu na tomto kvízu.
Zaznamenané odpovědi
| # | Otázka | Odpověď | Body | Výsledky |
|---|---|---|---|---|
| 1. | Minulou středu proběhl po celé... | 11:59 | 0 | |
| 2. | Předčasné volby v Bulharsku vy... | prezident | 1 | |
| 3. | Studio Disney vydalo minulý tý... | A) budou ve znakové řeči | 1 | |
| 4. | Který unikátní předmět z Titan... | záchranná vesta | 0 | |
| 5. | Spor USA s Íránem může mít kro... | Itálií | 1 | |
| 6. | Vědci v minulosti několikrát t... | D) kofein | 0 | |
| 7. | Světová zdravotnická organizac... | o Rumunsko | 0 | |
| 8. | V červenci 2025 Senát schválil... | 3 (2 a 4 za půl bodu) | 0 | |
| 9. | Na které z fotografií se nachá... | A) | 0 | |
| 10. | Tinktura z opia se v minulosti... | laudanum | 0 |